Statistics for Italian City By Picture

Click here to take the quiz!

General Stats

  • This quiz has been taken 2,571 times
  • The average score is 10 of 12

Answer Stats

Answer% Correct
Venice
99%
Milan
98%
Pisa
98%
Rome
98%
Naples
95%
Florence
93%
Turin
82%
Palermo
77%
Genoa
72%
Bologna
69%
Verona
60%
Bari
59%

Score Distribution

Percentile by Number Answered

Percent of People with Each Score

Your Score History

You have not taken this quiz